000
00301nam a2200109Ia 4500
008
220204s9999 xx 000 0 und d
082
_a
NR:63(036)
_b
NAI.3
100
_a
Nair, M G S
245
0
_a
Rubber krishi paadamaala.3.Tappingum samskaranavum
260
_a
Kottayam
_b
Rubber Board
_c
2010
942
_c
BK
999
_c
44414
_d
44414